Business analysis, requirements, and project management: A guide for computing students (Record no. 8524)

MARC details
000 -LEADER
fixed length control field 00527nam a2200169Ia 4500
008 - FIXED-LENGTH DATA ELEMENTS--GENERAL INFORMATION
fixed length control field 230917s9999||||xx |||||||||||||| ||und||
020 ## - ISBN
Price GBP 44.99 (RS 4464.81)
040 ## - CATALOGING SOURCE
-- 5001967
Original cataloging agency VIVEKANANDA LIBRARY
041 ## - Language
-- English
082 ## - DDC NUMBER
Classification number 005.1 C848B
100 ## - MAIN ENTRY--PERSONAL NAME
Personal name Cox, Karl
245 #0 - TITLE STATEMENT
Title Business analysis, requirements, and project management: A guide for computing students
260 ## - PUBLICATION, DISTRIBUTION, ETC. (IMPRINT)
Place of publication, distribution, etc London
Name of publisher, distributor, etc CRC Press
Date of publication, distribution, etc 2022
300 ## - PHYSICAL DESCRIPTION
Pages xviii, 200 p.
500 ## - GENERAL NOTE
General note 5023 06/01/2023 APD23/1146998 12/01/2023 IMSAR (Dev. & Research)
942 ## - ADDED ENTRY ELEMENTS (KOHA)
Koha item type Books
Holdings
Withdrawn status Lost status Damaged status Not for loan Location (home branch) Sublocation or collection (holding branch) Shelving location Date acquired Koha issues (times borrowed) Koha full call number Accession No. Koha date last seen Koha item type
        VIVEKANANDA LIBRARY VIVEKANANDA LIBRARY IMSAR Library 24/02/2023   005.1 C848B 406894 17/09/2023 Books
© Designed and Maintained by Vivekananda Library, MDU Rohtak